| 000 | 00407nam a2200157Ia 4500 | ||
|---|---|---|---|
| 008 | 230711s9999||||xx |||||||||||||| ||und|| | ||
| 041 | _aENG | ||
| 082 |
_a624 _bFU-C |
||
| 100 | _aFuchs,Sheldon J | ||
| 245 | 0 | _aComplete : building equipment maintenance | |
| 250 | _a1st | ||
| 260 |
_c1992 _aNew Delhi _bPrentice-Hall of India Private Limited |
||
| 300 | _a623 | ||
| 650 | _aCivil Engineering | ||
| 942 | _cBK | ||
| 999 |
_c3349 _d3349 |
||